Catálogo

Fundamentos de economía / (Registro nro. 44464)

Detalles MARC
000 -LEADER
fixed length control field 01273cam a2200325 i 4500
001 - CONTROL NUMBER
control field 44464
003 - CONTROL NUMBER IDENTIFIER
control field Mx-PuUPA
005 - DATE AND TIME OF LATEST TRANSACTION
control field 20260217152957.0
008 - FIXED-LENGTH DATA ELEMENTS--GENERAL INFORMATION
fixed length control field 140415s2002 sp 000 0 spa d
020 ## - INTERNATIONAL STANDARD BOOK NUMBER
International Standard Book Number 9786074423389
040 ## - CATALOGING SOURCE
Transcribing agency Mx-PuUPA
Original cataloging agency Mx-PuUPA
Language of cataloging spa
Modifying agency Mx-PuUPA
Description conventions rda
041 0# - LANGUAGE CODE
Language code of text/sound track or separate title spa
100 1# - MAIN ENTRY--PERSONAL NAME
Personal name Graue, Russek,
Relator term autor
9 (RLIN) 9685
245 10 - TITLE STATEMENT
Title Fundamentos de economía /
Statement of responsibility, etc. Ana Luisa Graue Russek ; con la colaboración especial de Eduardo Alonso Cervantes Solís
250 ## - EDITION STATEMENT
Edition statement Primera edición
264 #1 - PRODUCTION, PUBLICATION, DISTRIBUTION, MANUFACTURE, AND COPYRIGHT NOTICE
Place of production, publication, distribution, manufacture México, Ciudad de México :
Name of producer, publisher, distributor, manufacturer Pearson Educación de México,
Date of production, publication, distribution, manufacture, or copyright notice 2009
300 ## - PHYSICAL DESCRIPTION
Extent xiv, 401 páginas :
Other physical details gráficas, diagramas, tablas ;
336 ## - CONTENT TYPE
Content type term texto
Content type code txt
Fuente rdacontent
336 ## - CONTENT TYPE
Content type term medio
Content type code n
Fuente rdamedia
336 ## - CONTENT TYPE
Content type term volumen
Content type code cn
Fuente rdacarrier
650 #7 - SUBJECT ADDED ENTRY--TOPICAL TERM
Source of heading or term armarc
Topical term or geographic name entry element Economía
650 #7 - SUBJECT ADDED ENTRY--TOPICAL TERM
Source of heading or term armarc
Topical term or geographic name entry element Macroeconomía
650 #7 - SUBJECT ADDED ENTRY--TOPICAL TERM
Source of heading or term armarc
Topical term or geographic name entry element Microeconomía
700 1# - ADDED ENTRY--PERSONAL NAME
Personal name Alonso Cervantes, Eduardo,
Relator term colaborador
942 ## - ADDED ENTRY ELEMENTS (KOHA)
Source of classification or shelving scheme Dewey Decimal Classification
Koha item type Libro
Classification part 330
Item part G72
Existencias
Withdrawn status Lost status Source of classification or shelving scheme Damaged status Not for loan Collection code Home library Current library Shelving location Date acquired Source of acquisition Cost, normal purchase price Total Checkouts Full call number Barcode Date last seen Copy number Cost, replacement price Price effective from Koha item type
    Dewey Decimal Classification     General Biblioteca Karol Wojtyla Biblioteca Karol Wojtyla Sala general 14/05/2025 1 630.00   330 G72 2009 106057 05/01/2026 Ej.2 630.00 14/05/2025 Libro
    Dewey Decimal Classification     General Biblioteca Karol Wojtyla Biblioteca Karol Wojtyla Sala general 14/05/2025 1 630.00   330 G72 2009 106056 05/01/2026   630.00 14/05/2025 Libro